Prechod na euro - špecifiká pravidiel zaokrúhľovania

Príslušné ministerstvá vydali vyhlášky, ktoré stanovili podrobné pravidlá pre duálne zobrazovanie a pre prepočty a zaokrúhľovanie cien, jednotkových cien, platieb a iných hodnôt pri prechode zo slovenskej meny na menu euro. Informácia o tom, čo tieto právne predpisy znamenajú v praxi.

Salvato in:
Dettagli Bibliografici
Autore principale: Marhefková, Martina
Natura: Capitolo di libro
Lingua:slovacco
Soggetti:
Tags: Aggiungi Tag
Nessun Tag, puoi essere il primo ad aggiungerne!!

MARC

LEADER 00000naa$a2200000$$$4500
001 0082519
005 20231127105856.8
041 0 |a slo 
044 |a SK 
245 1 0 |a Prechod na euro - špecifiká pravidiel zaokrúhľovania  |c Martina Marhefková 
520 |a Príslušné ministerstvá vydali vyhlášky, ktoré stanovili podrobné pravidlá pre duálne zobrazovanie a pre prepočty a zaokrúhľovanie cien, jednotkových cien, platieb a iných hodnôt pri prechode zo slovenskej meny na menu euro. Informácia o tom, čo tieto právne predpisy znamenajú v praxi. 
610 2 0 |a konverzia dát 
610 2 0 |a euro 
610 2 0 |a Slovensko 
610 2 0 |a Európska menová únia 
610 2 0 |a úpravy právne 
610 2 0 |a politika menová 
100 1 |a Marhefková, Martina